000 00579nam a2200205Ia 4500
005 20250923145403.0
008 008 250917s9999 xx 000 0 eng d
037 _aTextual
040 _aDSWL
_beng
_cDSWL
041 _aeng
_2eng
084 _aV2'N6<-N47, N66
_qDSWL
100 _aSingh, Patwant
_9834762
245 0 _aIndia and future of Asia
_c by Patwant Singh
260 _aLondon
_bFaber and Faber Ltd.
_c1966
300 _a243 p.
365 _aINR
_b30 . 0
925 _g30 . 0
942 _cTEXL
_hV2'N6<-N47, N66
999 _c1450752
_d1450752